| 000 | 00618nam a2200193 a 4500 | ||
|---|---|---|---|
| 005 | 20140310183413.0 | ||
| 008 | 070907s19uu xx 00 eng d | ||
| 020 | _a0471705454 | ||
| 050 |
_aHD 38.15 _b.N45 2005 |
||
| 100 | _aNelson, Bob | ||
| 245 |
_aThe management bible : _bincluding interviews, case studies, worksheets, and cutting-edge techniques. / _cBob Nelson |
||
| 260 |
_aHoboken, New Jersey : _bJohn Wiley & Sons, Inc, _c2005. |
||
| 300 |
_a295 p. : _c24 cm. |
||
| 521 | _aBSBA | ||
| 650 |
_aManagement _xHandbook, Manuals, etc. |
||
| 700 | _aEconomy, Peter | ||
| 942 |
_cBK _2lcc _kFOR |
||
| 999 |
_c22540 _d22540 |
||